| 000 | 00566nam a22001697a 4500 | ||
|---|---|---|---|
| 999 |
_c16935 _d16935 |
||
| 003 | AR-CdUCM | ||
| 008 | 190506b ||||| |||| 00| 0 spa d | ||
| 040 |
_aMUNICIPALIDAD PROVINCIAL DEL CUSCO _cBIBLIOTECA MUNICIPAL DEL CUSCO |
||
| 082 |
_a869.963 / _bM41 |
||
| 100 |
_aMarti, Jose _93892 |
||
| 245 | _aPáginas escogidas / | ||
| 260 |
_aMexico : _bNacional, _c1973. |
||
| 300 |
_a312 páginas ; _c18 cm. |
||
| 505 | _aPalabras continentales - Palpitaciones revolucionarias --Discursos y semblanzas -- Estudios literarios... | ||
| 942 |
_2ddc _cLIBROS |
||
| 945 | _awfj | ||